Bulls Bears : (Record no. 208201)

MARC details
000 -LEADER
fixed length control field 00673nam a22002057a 4500
005 - DATE AND TIME OF LATEST TRANSACTION
control field 20250108121438.0
010 ## - LCCN (DPL NO)
LC control number ENG-143240
020 ## - INTERNATIONAL STANDARD BOOK NUMBER
Terms of availability 400.00
International Standard Book Number 9788185984698
035 ## - SYSTEM CONTROL NUMBER
System control number EN-126772
037 ## - SOURCE OF ACQUISITION
Source of stock number/acquisition DBAD
082 ## - DEWEY DECIMAL CLASSIFICATION NUMBER
Classification number 332.6322
100 ## - MAIN ENTRY--PERSONAL NAME
Personal name Valliappan, Soma
245 ## - TITLE STATEMENT
Title Bulls Bears :
Remainder of title All About Shares/
Statement of responsibility, etc By Soma Valliappan
260 ## - PUBLICATION, DISTRIBUTION, ETC. (IMPRINT)
Place of publication, distribution, etc Madras
Name of publisher, distributor, etc Productivity & Quality Publishing Private Limited
Date of publication, distribution, etc 2015
270 ## - ADDRESS
City Madras
Address 38, Thanikachalam Road, T. Nagar, Madras
Postal code 600017
Telephone number 044-24344519
Fax number 044-24342009
Electronic mail address service@kkbooks.com
300 ## - PHYSICAL DESCRIPTION
Extent 344p.
Dimensions 19cm(hbk)
700 ## - ADDED ENTRY--PERSONAL NAME
9 (RLIN) 75508
700 ## - ADDED ENTRY--PERSONAL NAME
9 (RLIN) 75509
942 ## - ADDED ENTRY ELEMENTS (KOHA)
Source of classification or shelving scheme Dewey Decimal Classification
Item type English Books
Classification part 332.6322
Call number suffix VAL
Holdings
Withdrawn status Lost status Not for loan Collection code Home library Current library Date acquired Source of acquisition Cost, normal purchase price Full call number Barcode Copy number Cost, replacement price Koha item type
      Non-fiction Kadipur Kadipur 08/01/2025 DBAD 400.00 332.6322 VAL EN-126772 1 400.00 English Books

© Delhi Public Library
Hit Counter
free hit counter